[Event "Titled Tuesday intern op 08th Mar Late"]
[Site "Chess.com INT"]
[Date "2022.03.08"]
[Round "2"]
[White "Corallo, Michael Patrick"]
[Black "Leiva Rodriguez, Jeammarco Giuseppe"]
[Result "0-1"]
[WhiteElo "2275"]
[BlackElo "2405"]
[PlyCount "106"]
[EventDate "2022.03.08"]
[EventType "swiss (blitz)"]
[EventRounds "11"]
[EventCountry "USA"]
[SourceTitle "CBM 207 Extra"]
[Source "ChessBase"]
[SourceDate "2022.05.31"]
[SourceVersion "1"]
[SourceVersionDate "2022.05.31"]
[SourceQuality "1"]

1. e4 c5 2. Nf3 d6 3. d4 cxd4 4. Nxd4 Nf6 5. Nc3 a6 6. Bg5 e6 7. f4 Be7 8. Qf3 Qc7 9. 0-0-0 Nbd7 10. g4 h6 11. Bxf6 Bxf6 12. h4 Nb6 13. g5 Bxd4 14. Rxd4 Qc5 15. Qd3 hxg5 16. Rxd6 Ke7 17. e5 gxf4 18. Ne4 Qa5 19. Bg2 Nd7 20. Rxd7+ Bxd7 21. Qd6+ Ke8 22. Rd1 Bc6 23. Nf6+ gxf6 24. exf6 Qd8 25. Bxc6+ bxc6 26. Qxc6+ Kf8 27. Rxd8+ Rxd8 28. Qc7 Re8 29. Qd6+ Kg8 30. Qxf4 Rh7 31. Qg3+ Kh8 32. Qd3 Rxh4 33. Qxa6 Rh6 34. Qf1 Rg8 35. b3 Rgg6 36. Kb2 Rxf6 37. Qd3 e5 38. a4 Rd6 39. Qe4 Rhe6 40. Qh4+ Kg7 41. Qg5+ Kf8 42. a5 e4 43. Qe3 Rd5 44. b4 Rf5 45. b5 Rxb5+ 46. Kc3 Rxa5 47. Qb6 Rf5 48. Qd8+ Kg7 49. Qh4 e3 50. Qg4+ Kf6 51. Qe2 Rf2 52. Kd3 Rxe2 53. Kxe2 Kf5 0-1

[Event "Titled Tuesday intern op 08th Mar Late"]
[Site "Chess.com INT"]
[Date "2022.03.08"]
[Round "4"]
[White "Corallo, Michael Patrick"]
[Black "Senft, Sean"]
[Result "0-1"]
[WhiteElo "2275"]
[BlackElo "2089"]
[PlyCount "116"]
[EventDate "2022.03.08"]
[EventType "swiss (blitz)"]
[EventRounds "11"]
[EventCountry "USA"]
[SourceTitle "CBM 207 Extra"]
[Source "ChessBase"]
[SourceDate "2022.05.31"]
[SourceVersion "1"]
[SourceVersionDate "2022.05.31"]
[SourceQuality "1"]

1. e4 c5 2. Nf3 d6 3. d4 cxd4 4. Nxd4 Nf6 5. Nc3 a6 6. Bg5 e6 7. f4 Qb6 8. Qd2 Nc6 9. 0-0-0 Nxd4 10. Qxd4 Qxd4 11. Rxd4 Be7 12. Be2 Bd7 13. Rhd1 Bc6 14. Bf3 h6 15. Bxf6 gxf6 16. a4 h5 17. b4 b5 18. axb5 axb5 19. Be2 Rb8 20. Kb2 h4 21. Ra1 Rg8 22. Ra6 Bd7 23. Bf1 Rg4 24. Ne2 f5 25. exf5 Bf6 26. Raxd6 Bxd4+ 27. Rxd4 exf5 28. Rd5 Be6 29. Re5 Kf8 30. h3 Rg6 31. Nd4 Bc4 32. Bxc4 bxc4 33. Kc3 Rxg2 34. Nxf5 Rh2 35. Re3 Ra8 36. Kb2 Ra4 37. Ra3 Rxa3 38. Kxa3 Rxc2 39. b5 c3 40. Kb3 Rb2+ 41. Kxc3 Rxb5 42. Nxh4 Rh5 43. Ng2 Rxh3+ 44. Kd4 Ke7 45. Ke4 Kf6 46. Ne3 Rh1 47. Nd5+ Ke6 48. Ne3 Ra1 49. Kf3 Ra3 50. Ke4 f5+ 51. Nxf5 Ra4+ 52. Nd4+ Kd6 53. Ke3 Kd5 54. Ne2 Ra3+ 55. Kf2 Ke4 56. Kf1 Ra1+ 57. Kf2 Ra2 58. Kf1 Ke3 0-1

[Event "PRO League Stage"]
[Site "Chess.com INT"]
[Date "2017.02.22"]
[Round "7"]
[White "Corallo, Michael Patrick"]
[Black "Wang, Jason"]
[Result "1/2-1/2"]
[WhiteElo "2275"]
[BlackElo "2006"]
[PlyCount "86"]
[EventDate "2017.01.11"]
[EventType "team-swiss (rapid)"]
[EventRounds "7"]
[EventCountry "USA"]
[SourceTitle "EXT 2018"]
[Source "ChessBase"]
[SourceDate "2017.10.13"]
[SourceVersion "1"]
[SourceVersionDate "2017.10.13"]
[SourceQuality "1"]
[WhiteTeam "Atlanta Kings"]
[BlackTeam "Columbus Cardinals"]
[WhiteTeamCountry "USA"]
[BlackTeamCountry "USA"]

1. e4 c5 2. Nf3 e6 3. d4 cxd4 4. Nxd4 a6 5. Be2 Nf6 6. Nc3 Qc7 7. 0-0 b5 8. e5 Qxe5 9. Bf3 Ra7 10. Be3 Bc5 11. b4 Bxb4 12. Ndxb5 axb5 13. Bd4 Qg5 14. Ne4 Nxe4 15. Bxa7 Nc6 16. Be3 Qg6 17. Qd3 Nc3 18. a3 Qxd3 19. cxd3 Ba5 20. Bc5 Bb7 21. Rfc1 Na4 22. Bd6 f6 23. Rab1 Nc3 24. Rb3 Nd4 25. Rbxc3 Nxf3+ 26. gxf3 Bxc3 27. Rxc3 Bc6 28. Kg2 Kf7 29. Kg3 Ra8 30. h4 Ra4 31. Bb4 Ke8 32. d4 Kd8 33. Kf4 Kc7 34. Ke3 Kb6 35. h5 Bd5 36. Rc1 Bc4 37. Rg1 g6 38. hxg6 hxg6 39. Rxg6 f5 40. Rg8 Kc6 41. Rc8+ Kb7 42. Rf8 Kc6 43. Rc8+ Kb7 1/2-1/2

[Event "Chicago op 24th"]
[Site "Chicago"]
[Date "2015.05.23"]
[Round "5"]
[White "Ruiz Castillo, Joshua Daniel"]
[Black "Corallo, Michael Patrick"]
[Result "1-0"]
[WhiteElo "2433"]
[BlackElo "2285"]
[PlyCount "39"]
[EventDate "2015.05.21"]
[EventType "swiss"]
[EventRounds "9"]
[EventCountry "USA"]
[SourceTitle "CBM 166 Extra"]
[Source "ChessBase"]
[SourceDate "2015.06.18"]
[SourceVersion "1"]
[SourceVersionDate "2015.06.18"]
[SourceQuality "1"]

1. e4 e5 2. Nf3 Nc6 3. d4 exd4 4. Nxd4 Bc5 5. Nb3 Bb6 6. Nc3 Nge7 7. Qe2 0-0 8. Be3 f5 9. f4 fxe4 10. 0-0-0 Nf5 11. Bxb6 axb6 12. g3 Nce7 13. Qxe4 c6 14. Bg2 d5 15. Qe2 b5 16. a3 Qb6 17. Rhe1 d4 18. Nxd4 b4 19. Qc4+ Kh8 20. Qxb4 1-0

[Event "Chicago op 24th"]
[Site "Chicago"]
[Date "2015.05.21"]
[Round "1"]
[White "Corallo, Michael Patrick"]
[Black "Troff, Kayden W"]
[Result "0-1"]
[WhiteElo "2285"]
[BlackElo "2556"]
[PlyCount "64"]
[EventDate "2015.05.21"]
[EventType "swiss"]
[EventRounds "9"]
[EventCountry "USA"]
[SourceTitle "CBM 166 Extra"]
[Source "ChessBase"]
[SourceDate "2015.06.18"]
[SourceVersion "1"]
[SourceVersionDate "2015.06.18"]
[SourceQuality "1"]

1. e4 c5 2. Nf3 d6 3. d4 cxd4 4. Nxd4 Nf6 5. Nc3 a6 6. Bg5 Nbd7 7. Bc4 Qb6 8. Bb3 e6 9. Qd2 Be7 10. 0-0-0 Nc5 11. Rhe1 0-0 12. f4 h6 13. h4 Nxb3+ 14. axb3 Qc5 15. Qe2 Bd7 16. Kb1 Rfd8 17. e5 dxe5 18. fxe5 hxg5 19. hxg5 Nh7 20. Qh5 Bxg5 21. Nf3 Bh6 22. Ne4 Qe7 23. Nd6 Be8 24. Qg4 f5 25. Qb4 Bh5 26. Rd4 Bxf3 27. gxf3 Ng5 28. Qc4 Nxf3 29. Nxf5 Qf7 30. Nxh6+ gxh6 31. Rg4+ Kh8 32. Rh1 Nd2+ 0-1

[Event "Philadelphia op 9th"]
[Site "Philadelphia"]
[Date "2015.04.03"]
[Round "5"]
[White "Corallo, Michael Patrick"]
[Black "Ghaem Maghami, Ehsan"]
[Result "0-1"]
[WhiteElo "2290"]
[BlackElo "2550"]
[PlyCount "80"]
[EventDate "2015.04.01"]
[EventType "swiss"]
[EventRounds "9"]
[EventCountry "USA"]
[SourceTitle "CBM 165 Extra"]
[Source "ChessBase"]
[SourceDate "2015.04.21"]
[SourceVersion "1"]
[SourceVersionDate "2015.04.21"]
[SourceQuality "1"]

1. e4 c5 2. Nf3 e6 3. d4 cxd4 4. Nxd4 a6 5. Be2 Nf6 6. Nc3 d6 7. 0-0 Be7 8. f4 Qc7 9. Kh1 Nc6 10. a4 0-0 11. Be3 Nb4 12. Bf3 Rd8 13. a5 d5 14. e5 Nd7 15. Na4 Nc6 16. Nb3 d4 17. Bd2 Rb8 18. Be4 f5 19. Bd3 b5 20. axb6 Nxb6 21. Qe2 Nb4 22. Nxb6 Rxb6 23. Bxb4 Bxb4 24. Rfd1 Rc6 25. Nd2 a5 26. Nf3 h6 27. Qf2 Bc5 28. h3 Qb6 29. b3 Ba6 30. g4 Rdc8 31. g5 Bxd3 32. Rxd3 hxg5 33. fxg5 g6 34. Qh4 R6c7 35. Qh6 Rg7 36. Rad1 Qb7 37. Kh2 Qe4 38. Qh4 Bb6 39. Qf2 Rgc7 40. Nxd4 Rxc2 0-1

[Event "Arlington DC op 1st"]
[Site "Arlington"]
[Date "2013.07.01"]
[Round "9"]
[White "Yagiz, Bora"]
[Black "Corallo, Michael Patrick"]
[Result "0-1"]
[WhiteElo "1916"]
[BlackElo "2177"]
[PlyCount "104"]
[EventDate "2013.06.27"]
[EventType "swiss"]
[EventRounds "9"]
[EventCountry "USA"]
[SourceTitle "CBM 155 Extra"]
[Source "ChessBase"]
[SourceDate "2013.08.26"]
[SourceVersion "1"]
[SourceVersionDate "2013.08.26"]
[SourceQuality "1"]

1. e4 e5 2. Nf3 Nc6 3. Bb5 a6 4. Bxc6 dxc6 5. Nc3 f6 6. d4 exd4 7. Qxd4 Qxd4 8. Nxd4 c5 9. Nde2 Be6 10. Bd2 0-0-0 11. 0-0-0 Ne7 12. Be3 Rxd1+ 13. Rxd1 Ng6 14. Nf4 Nxf4 15. Bxf4 Be7 16. Nd5 Bd8 17. Be3 b6 18. h4 Re8 19. Nc3 Bd7 20. Re1 Bc6 21. f3 f5 22. Bf2 fxe4 23. Nxe4 a5 24. Ng5 h6 25. Rxe8 Bxe8 26. Ne4 Bf7 27. a3 Kd7 28. Kd2 Be7 29. g4 Kc6 30. Ke3 b5 31. g5 Bg6 32. f4 b4 33. a4 Kd5 34. Ng3 Bxc2 35. Nh5 Bf8 36. Ng3 Bxa4 37. h5 c4 38. Kd2 Bd7 39. Be3 a4 40. f5 hxg5 41. Bxg5 Bd6 42. Nf1 a3 43. Ne3+ Ke4 44. bxa3 c3+ 45. Kc2 Ba4+ 46. Kb1 b3 47. Nc4 Bb5 48. Bf6 gxf6 49. Nxd6+ cxd6 50. h6 Bd3+ 51. Ka1 b2+ 52. Ka2 b1Q# 0-1